000 02421cam a22005177a 4500
003 CHAP
005 20220817043059.0
008 971010s1976 mx a r 00010 spa d
010 _a64987
011 _a65959
035 _a73610
040 _cCHAP
082 _a631.542
_bC3
100 0 0 _aCalderón Alcaraz, Esteban.
_917368
245 1 3 _aLa poda de los árboles frutales
_c/por Esteban Calderón Alcaraz
260 _aMéxico, D.F. :
_bEd. Ra,
_c(1976)
300 _a577 p. :
_bilus.
590 _aBATCH-UPD
_b10
_c20130110
_lUCH01
_h1123
590 _aBATCH-UPD
_b10
_c20130410
_lUCH01
_h0713
590 _aBATCH-UPD
_b10
_c20130914
_lUCH01
_h1925
590 _aCONVERSION
_b10
_c20130109
_lUCH01
_h1335
650 1 4 _aArboles frutales.
650 1 4 _aPoda.
_989467
901 _aBK
942 _cLIBRO
949 _a631.542 C3
_bBC
_cLIBRO
_d-139809
_eLIBRO
_h40061
_i73610
_si
949 _a631.542 C3
_bBC
_cLIBRO
_d-139811
_eLIBRO
_fc.2
_h40062
_i73610
_si
949 _a631.542 C3
_bBC
_cLIBRO
_d-139812
_eLIBRO
_fc.7
_h40067
_i73610
_si
949 _a631.542 C3
_bBC
_cLIBRO
_d-139813
_eLIBRO
_fc.11
_h40071
_i73610
_si
949 _a631.542 C3
_bBC
_cLIBRO
_d-139814
_eLIBRO
_fc.15
_h40132
_i73610
_si
949 _a631.542 C3
_bBC
_cLIBRO
_d-139815
_eLIBRO
_fc.16
_h43698
_i73610
_si
949 _a631.542 C3
_bBC
_cLIBRO
_d33724000091245
_eLIBRO
_fc.13
_h40073
_i73610
_si
949 _a631.542 C3
_bBC
_cLIBRO
_d33724000162012
_eLIBRO
_fc.10
_h40070
_i73610
_si
949 _a631.542 C3
_bBC
_cLIBRO
_d33724000162038
_eLIBRO
_fc.8
_h40068
_i73610
_si
949 _a631.542 C3
_bBC
_cLIBRO
_d33724000162046
_eLIBRO
_fc.6
_h40066
_i73610
_si
949 _a631.542 C3
_bBC
_cLIBRO
_d33724000162053
_eLIBRO
_fc.5
_h40065
_i73610
_si
949 _a631.542 C3
_bBC
_cLIBRO
_d33724000162061
_eLIBRO
_fc.3
_h40063
_i73610
_si
949 _a631.542 C3
_bBC
_cLIBRO
_d33724000162145
_eLIBRO
_fc.17
_h53810
_i73610
_si
949 _a631.542 C3
_bBC
_cLIBRO
_d33724000162152
_eLIBRO
_fc.14
_h40074
_i73610
_si
949 _a631.542 C3
_bBC
_cLIBRO
_d33724000162160
_eLIBRO
_fc.12
_h40072
_i73610
_si
949 _a631.542 C3
_bBC
_cLIBRO
_d33724000585568
_eLIBRO
_fc.4
_h40064
_i73610
_si
949 _a631.542 C3
_bBC
_cLIBRO
_d33724000868543
_eLIBRO
_fc.18
_h53811
_i73610
_si
949 _a631.542 C3
_bBC
_cLIBRO
_d33724000935375
_eLIBRO
_fc.9
_h40069
_i73610
_si
949 _a631.542 C3
_bBC
_cLIBRO
_d33724002248264
_eLIBRO
_fc.19
_gDonaciØn
_h114998
_i73610
_si
949 _a631.542 C3
_bCRUAN
_cLIBRO
_d-6426
_eLIBRO
_h269
_i73610
_si
999 _c64987
_d64987